000 00322nam a22001337a 4500
008 181016b xxu||||| |||| 00| 0 eng d
020 _a9780028332406
041 _aeng
080 _a510
100 _a30
101 _aMAT
245 _aPrealgebra To Integrate Transition To Geometry
_cMarie,h,p
942 _2udc
_cBK
999 _c49927
_d49927